1394 1811 1248 1320 1239 1979 1763 1571 1152 1657 1281 1070 1928 1321 1645 1572 1394 1655 1694 1058 1506 1046 1595 1896 1187 1226 1405 1143 1958 1176 1941 1641 1132 1976 1269 1759 1072 1044 1423 1416 1493 1079 1939 1230 1686 1498 1155 1962 1433 1113 1973 1478 1678 1712 1463 1711 1770 1853 1011 1604 1489 1325 1240 1932 1224 1376 1918 1240 1376 1695 1080 1794 1196 1559 1730 1907 1265 1864 1518 1179 1841 1938 1409 1352 1130 1624 1453 1062 1065 1858 1785 1013 1995 1555 1672 1254 1289 1269 1370 BCNSPRNW ULIB Ver.6.0+V

เปลี่ยนเป็นภาษาไทย

Change to English
 แสดงรายละเอียดบรรณานุกรม
  กลับหน้าหลัก

Brief Record : Get Marc (ISO 2709) : E-mail record : QR code < ปิดหน้าต่าง
LEADER : 00000nam 2200000uu 4500
001    13399122512
003     ULIB
008    130712s2550||||th 000 0 tha d
020    ^a9743414894
020    ^a9789743414893
050 04 ^aBF637^bว527ก
100 0  ^aพลตรี หลวงวิจิตรวาทการ
245 10 ^aกำลังความคิด /^cโดย พลตรี หลวงวิจิตรวาทการ
250    ^aพิมพ์ครั้งที่ 4
260    ^aกรุงเทพฯ :^bสร้างสรรค์บุ๊คส์,^c2550.
300    ^a290 หน้า :^bภาพประกอบ
650  7 ^aความคิด
650  7 ^aการคิด
710 1  ^aสร้างสรรค์บุ๊คส์
945    ^p230^l0^i16572
999    ^aเกษร โพธิ์สุวรรณ
รายการนี้ยังไม่มีแท็ก
คุณยังไม่ได้ล็อกอิน คุณสามารถมีกิจกรรมร่วมกับเว็บไซต์ได้ แต่ต้องล็อกอินก่อน ::
  ล็อกอิน

รายการสื่อสารสนเทศ

ลำดับที่ ประเภท เลขเรียก/บาร์โค้ด สถานที่ สถานะ
1. การศึกษาทั่วไป
การศึกษาทั่วไป
BF637 ว527ก  
  Barcode: 16572
ห้องสมุดวิทยาเขตสวรรค์ประชารักษ์
►หนังสือทั่วไป
บนชั้น

รายการใกล้เคียง
    ผู้แต่ง [พลตรี หลวงวิจิตรวาทการ]

    หัวเรื่อง [ความคิด]
    หัวเรื่อง [การคิด]

BibComment


ยังไม่เคยถูกคอมเมนท์

คอมเมนท์ทรัพยากรรายการนี้
  คอมเมนท์: กำลังความคิด โด..


 Copyright 2026. Bcnsprnw @Library